Using information technology / (Record no. 602)

MARC details
000 -LEADER
fixed length control field 00619nam a22002177a 4500
005 - DATE AND TIME OF LATEST TRANSACTION
control field 20250420134818.0
008 - FIXED-LENGTH DATA ELEMENTS--GENERAL INFORMATION
fixed length control field 200812b ||||| |||| 00| 0 eng d
020 ## - INTERNATIONAL STANDARD BOOK NUMBER
International Standard Book Number 9781259255663
040 ## - CATALOGING SOURCE
Transcribing agency KCST
082 ## - DEWEY DECIMAL CLASSIFICATION NUMBER
Classification number 004
Item number Wi Us
100 ## - MAIN ENTRY--PERSONAL NAME
Personal name Williams, Brian K.
9 (RLIN) 5051
245 ## - TITLE STATEMENT
Title Using information technology /
Statement of responsibility, etc. Brian K Williams; Stacey C Sawyer
250 ## - EDITION STATEMENT
Edition statement 11th int. student edition
260 ## - PUBLICATION, DISTRIBUTION, ETC.
Place of publication, distribution, etc. New York:
Name of publisher, distributor, etc. McGraw-Hill,
Date of publication, distribution, etc. 2015.
300 ## - PHYSICAL DESCRIPTION
Extent 588 p.
650 ## - SUBJECT ADDED ENTRY--TOPICAL TERM
Topical term or geographic name entry element Telecommunication systems.
9 (RLIN) 640
650 ## - SUBJECT ADDED ENTRY--TOPICAL TERM
Topical term or geographic name entry element Information technology.
9 (RLIN) 5052
700 ## - ADDED ENTRY--PERSONAL NAME
Personal name Sawyer, Stacey C.
9 (RLIN) 5053
942 ## - ADDED ENTRY ELEMENTS (KOHA)
Koha item type Book
942 ## - ADDED ENTRY ELEMENTS (KOHA)
Source of classification or shelving scheme Dewey Decimal Classification
Holdings
Withdrawn status Lost status Source of classification or shelving scheme Damaged status Not for loan Home library Current library Date acquired Cost, normal purchase price Total checkouts Full call number Barcode Date last seen Price effective from Koha item type
    Dewey Decimal Classification     KCST Library KCST Library 12/08/2020 25.54   004 Wi Us 1000000670 12/08/2020 12/08/2020 Book
© 2025 KCST. All rights reserved